Statistics for Countries by Last Two Letters in 90 Seconds, with a map

Click here to take the quiz!

General Stats

  • This quiz has been taken 2,748 times
  • The average score is 146 of 196

Answer Stats

Country % Correct
Colombia
99%
China
99%
Lithuania
99%
Syria
99%
Croatia
99%
Saudi Arabia
99%
Guyana
99%
Saint Lucia
99%
Macedonia
99%
Tunisia
99%
Tanzania
99%
Nigeria
99%
Ghana
99%
Malaysia
99%
Estonia
99%
Ethiopia
99%
Federated States of
Micronesia
99%
Slovakia
99%
Slovenia
99%
Georgia
99%
Gambia
99%
Serbia
99%
Somalia
99%
Bulgaria
99%
Cambodia
99%
Russia
99%
Armenia
99%
Argentina
99%
Indonesia
99%
Mongolia
99%
Mauritania
99%
Namibia
99%
Austria
99%
Australia
99%
India
99%
Latvia
99%
Botswana
99%
Algeria
99%
Albania
99%
Bosnia and
Herzegovina
99%
Zambia
99%
Bolivia
99%
Liberia
99%
Romania
99%
Antigua and Barbuda
97%
Grenada
97%
Canada
97%
Rwanda
97%
Uganda
97%
Afghanistan
96%
Finland
96%
Iceland
96%
Jordan
96%
Kazakhstan
96%
Ireland
96%
Pakistan
96%
Iran
96%
Oman
96%
Switzerland
96%
Thailand
96%
New Zealand
96%
Taiwan
96%
Turkmenistan
96%
Bhutan
96%
Azerbaijan
96%
Uzbekistan
96%
Japan
96%
Tajikistan
96%
Poland
96%
Kyrgyzstan
96%
South Sudan
96%
Sudan
96%
Swaziland
96%
Morocco
95%
Monaco
95%
Mexico
95%
Brazil
94%
South Africa
92%
Jamaica
92%
Dominica
92%
Costa Rica
92%
Norway
91%
Uruguay
91%
Paraguay
91%
Spain
90%
Bahrain
90%
Benin
90%
France
90%
Greece
90%
Liechtenstein
90%
Maldives
89%
Seychelles
89%
Yemen
89%
United Arab Emirates
89%
Sweden
89%
United States
89%
Saint Vincent and the
Grenadines
89%
Philippines
89%
Nepal
85%
Senegal
85%
Portugal
85%
Venezuela
84%
Angola
84%
Guatemala
84%
Myanmar
83%
Qatar
83%
Madagascar
83%
Chile
81%
Peru
80%
Nauru
80%
United Kingdom
79%
Equatorial Guinea
79%
Papua New Guinea
79%
Guinea
79%
Eritrea
79%
South Korea
79%
North Korea
79%
Libya
78%
Kenya
78%
Egypt
77%
Germany
76%
Turkey
76%
Republic of the Congo
74%
Sierra Leone
74%
Democratic Republic
of the Congo
74%
Togo
74%
Trinidad and Tobago
74%
Ukraine
74%
Italy
71%
Denmark
70%
Chad
67%
Ecuador
66%
Dominican Republic
66%
East Timor
66%
Czech Republic
66%
Central African Republic
66%
El Salvador
66%
Mali
65%
Belarus
64%
Cyprus
64%
Mauritius
64%
Vietnam
62%
Niger
60%
Panama
59%
Iraq
59%
Cuba
57%
Solomon Islands
55%
Marshall Islands
55%
Netherlands
55%
Barbados
52%
Comoros
52%
Mozambique
52%
Laos
52%
Honduras
49%
Bahamas
49%
Kiribati
48%
Haiti
48%
Djibouti
48%
Cameroon
43%
Nicaragua
43%
Suriname
43%
Gabon
43%
Lebanon
43%
Belgium
41%
Sri Lanka
39%
Hungary
36%
Bangladesh
36%
Burkina Faso
35%
Zimbabwe
34%
Malawi
32%
Singapore
31%
Cote d'Ivoire
31%
Belize
30%
Moldova
29%
Guinea-Bissau
29%
Palau
29%
Lesotho
29%
Israel
24%
Samoa
23%
Cape Verde
23%
Kosovo
22%
Andorra
21%
Fiji
21%
Kuwait
21%
Saint Kitts and Nevis
20%
Malta
20%
Montenegro
20%
Tonga
20%
Vatican City
19%
Tuvalu
19%
Vanuatu
18%
Luxembourg
17%
São Tomé and Príncipe
17%
San Marino
17%
Burundi
15%
Brunei
10%

Score Distribution

Percentile by Number Answered

Percent of People with Each Score

Your Score History

You have not taken this quiz